00924nas a2200313 4500001001300000003000900013005001700022007000300039008003400042040005400076041000900130072001300139100001700152100002300169100002100192100001900213100002200232100002000254100002200274245009200296650002100388650001000409650002100419650002100440650001700461650003000478650000900508773009300517BR2015002705BR-BrBNA20231205125309.0ta230509b bl.|||p| |||| 00| 00por d aBR-BrBNAbporcBiblioteca Nacional de Agricultura a(En) aH50; T011 aJezler, C.N.1 aMangabeira, P.A.O.1 aAlmeida, A.F. de1 aJesus, R.M. de1 aOliveira, R.A. de1 aSilva, D. da C.1 aCosta, L.C. do B.1 aPb and Cd growth, leaf ultrastructure and essential oil yield mint (Mentha arvensis L.) aPLANTA MEDICINAL aMENTA aÓLEO ESSENCIAL aCONTAMINAÇÃO aMETAL PESADO aDISTÚRBIO FISIOLÓGICO aSOLO0 tCiência Rural (Brazil)xISSN 0103-8478 g(Mar 2015), v. 45(3) p. 392-398wBR2015002705